000
00221nam a22000857a 4500
008
160822b xxu||||| |||| 00| 0 eng d
100
_9
201
_a
Bharat
245
_a
Chandra Shekhar Azad
260
_a
New Delhi
_b
R.P.B publishers
_c
2006
999
_c
2858
_d
2858